000 00716nam a2200205Ia 4500
003 IN-BaIIA
008 211028s9999 xx 000 0 eng d
040 _cIIA Library
080 _a539.1
_bROS
100 _aRossi, Bruno B
_92772
245 0 _aIonization chambers and counters
_bexperimental techniques
_cBruno B Rossi and Hans H Staub
260 _aNew York
_bMcGraw-Hill
_c1949
300 _axviii, 243p.
490 _aNational nuclear energy series manhattan project technical section division; vol. 2
650 _aIonization process
_92773
650 _aNASA thesaurus
650 _aNuclear astrophysics
_92774
700 _aStaub, Hans H.
_92775
942 _cBK
999 _c1337
_d1337